| 000 | 00496nam a22001817a 4500 | ||
|---|---|---|---|
| 003 | OSt | ||
| 005 | 20140411173822.0 | ||
| 008 | 140404b xxu||||| |||| 00| 0 eng d | ||
| 040 | _cBMC | ||
| 082 | _a980 | ||
| 100 | 1 |
_916769 _aBurns, E. Bradford |
|
| 245 | 1 | 0 |
_aLatín America _b: a concise interpretive history _cE. Bradford Burns |
| 250 | _a4th ed | ||
| 260 |
_aWashington D.C. _bPrentice-Hall _c1986 |
||
| 300 |
_a374 p. _c22 cm |
||
| 651 | 1 |
_93454 _aAmérica latina _xHistoria |
|
| 942 |
_2ddc _cBK |
||
| 999 |
_c8900 _d8900 |
||